000 00703nam a22002057a 4500
003 BUBTL
008 220331b ||||| |||| 00| 0 eng d
020 _a9789843392015
082 _a340.1/ Al117a/ 2022
100 _94539
_aআলম, মোঃ জাহাঙ্গীর
245 _aআইন পাঠ (MCQ) Volume-1 /
_c মোঃ জাহাঙ্গীর আলম
250 _a5th Edn
260 _aDhaka:
_bLegal Resource Publication,
_cc2022
300 _axlvi, 1364 p.:
_c24 cm.
505 _aআইন পাঠ (MCQ), মোঃ জাহাঙ্গীর আলম
650 0 _926
_aLaw
856 _k0
_l0
_yDownload
942 _2ddc
_cBK
999 _c6673
_d6673